| 000 | 00671nam a22002177a 4500 | ||
|---|---|---|---|
| 003 | OSt | ||
| 005 | 20140310182436.0 | ||
| 008 | 130220t xxu||||| |||| 00| 0 eng d | ||
| 020 | _a9789746522472 | ||
| 050 |
_aRS 122.2 _b.P44 2009 |
||
| 082 |
_aRS122.2 _b.P494 2009 |
||
| 245 |
_aThe pharmacy informatics primer / _cedited by, Doina Dumitru |
||
| 260 |
_aBethesda, Md. : _bAmerican Society of Health-System Pharmacists, _cc2009. |
||
| 300 |
_axi, 251 p. : _c26 cm. _bill. ; |
||
| 541 | _j1 | ||
| 562 | _e1 | ||
| 650 | _aMedical Informatics | ||
| 650 |
_aPharmacy _97408 |
||
| 650 |
_aInformation Organization _xComputer Programs _98505 |
||
| 942 |
_2lcc _cSSLC |
||
| 999 |
_c13441 _d13441 |
||